000 00701cam a22002411 4500
001 ne 67001763
003 DLC
005 20260227111834.0
008 921218s1967 ua b 000 0 arar
010 _ane 67001763
035 _a(OCoLC)27143156
040 _aDLC
_cCU
_dMNtNEL
_dDLC
042 _apremarc
050 0 0 _aB1649.R94
_bM3 1967
100 1 _aMaḥmūd, Zakī Najīb,
_d1905-
245 1 0 _aBirtirānd Rasil,
_cbi-qalam Zakī Najīb Maḥmūd.
250 _aal-Ṭabʻah 2.
260 _aMiṣr,
_bDār al-Maʻārif
_c[1967]
300 _a174 p. ;
_c22 cm.
440 0 _aNawābigh al-Fikr al-Gharbī,
_v2
504 _aBibliography: p. 174.
700 1 _aRussell, Bertrand,
_d1872-1970.
999 _c49821
_d49821